[Event "European Youth Chess Championship B14"]
[Site "Prague, Top Hotel Prague"]
[Date "2012.08.18"]
[Round "2.34"]
[White "Zeman, Radek"]
[Black "Markoja, Boris"]
[Result "1/2-1/2"]
[WhiteElo "1794"]
[BlackElo "2070"]
[PlyCount "120"]
[EventDate "2012.08.17"]

1. e4 e5 2. Nf3 Nc6 3. Bb5 Nge7 4. Nc3 Ng6 5. d4 exd4 6. Nxd4 Bc5 7. Nb3 Bb6 8.
Nd5 O-O 9. O-O d6 10. a4 Be6 11. a5 Nxa5 12. Nxa5 Bxa5 13. Rxa5 c6 14. Bd2 cxd5
15. exd5 Bxd5 16. Bb4 Qg5 17. f3 Nh4 18. Qd2 Qxd2 19. Bxd2 Be6 20. Bb4 Rfc8 21.
Bd3 d5 22. Bc3 Ng6 23. f4 f5 24. g4 Rf8 25. Bd2 Ne7 26. Re1 Kf7 27. gxf5 Nxf5
28. Bxf5 Bxf5 29. Rxd5 g6 30. Bb4 Rfe8 31. Rde5 Rxe5 32. Rxe5 Be6 33. Rc5 Rc8
34. Rxc8 Bxc8 35. Kf2 Ke6 36. Ke3 b6 37. Kd4 Bb7 38. Bd2 Kf5 39. Ke3 Kg4 40.
Be1 Bc6 41. c3 a5 42. Bf2 b5 43. Be1 Bd7 44. Bf2 Be6 45. Be1 Bc4 46. Bf2 Kh3
47. Bg3 Kg2 48. f5 gxf5 49. Bc7 h5 50. Bd6 Kf1 51. Bg3 Bd5 52. Bh4 Be4 53. Bg3
Kg2 54. Bc7 h4 55. Bd6 Kf1 56. Bc7 a4 57. Bd8 h3 58. Bh4 Kg2 59. Bg3 Kf1 60.
Bh4 Kg2 1/2-1/2

[Event "European Youth Chess Championship B14"]
[Site "Prague, Top Hotel Prague"]
[Date "2012.08.18"]
[Round "2.35"]
[White "Hadzialic, Benjamin"]
[Black "Tokranovs, Dmitrijs"]
[Result "0-1"]
[WhiteElo "1745"]
[BlackElo "2060"]
[PlyCount "92"]
[EventDate "2012.08.17"]

1. d4 d5 2. c4 c6 3. cxd5 cxd5 4. Nc3 Nc6 5. Nf3 Nf6 6. Bg5 g6 7. e3 Bg7 8. Be2
Ne4 9. Bf4 Nxc3 10. bxc3 O-O 11. O-O Bf5 12. Rc1 Na5 13. c4 Nxc4 14. Bxc4 dxc4
15. Rxc4 Be6 16. Rc7 b5 17. Nd2 Bxa2 18. Qc2 Be6 19. Qc5 a6 20. Rxe7 Qa5 21. d5
Qxd2 22. dxe6 fxe6 23. Rxe6 Rf5 24. Qc6 Qd5 25. Qb6 Rf7 26. e4 Qb7 27. Qe3 a5
28. Rb6 Qd7 29. e5 Qd5 30. e6 Re7 31. Rd6 Qf5 32. h3 Rf8 33. Bg3 Rfe8 34. Re1
Bf6 35. Bh2 b4 36. g4 Qb5 37. Rb6 Qd5 38. Rd6 Qb5 39. Rb6 Qc4 40. Qe4 Qxe4 41.
Rxe4 Bc3 42. Bf4 a4 43. Bc1 Ra7 44. Be3 a3 45. Rbxb4 a2 46. Ra4 Rxa4 0-1

[Event "European Youth Chess Championship B14"]
[Site "Prague, Top Hotel Prague"]
[Date "2012.08.18"]
[Round "2.36"]
[White "Johannesson, Oliver"]
[Black "Lappalainen, Matias"]
[Result "0-1"]
[WhiteElo "2047"]
[BlackElo "1870"]
[PlyCount "90"]
[EventDate "2012.08.17"]

1. e4 e5 2. Nf3 Nf6 3. Nxe5 d6 4. Nf3 Nxe4 5. d4 d5 6. Bd3 Bd6 7. O-O O-O 8. c4
c6 9. Nc3 Nxc3 10. bxc3 Bg4 11. Rb1 dxc4 12. Bxc4 b5 13. Bd3 Nd7 14. Be4 Rc8
15. Qc2 f5 16. Qb3+ Kh8 17. Ng5 fxe4 18. Nf7+ Rxf7 19. Qxf7 Qf6 20. Qxf6 Nxf6
21. Bd2 Be2 22. Rfe1 Bd3 23. Rb2 Bc4 24. g4 Nxg4 25. Rxe4 Bxh2+ 26. Kg2 Bd5 27.
f3 Bxe4 28. fxe4 Bd6 29. e5 Be7 30. Kf3 Nh6 31. a4 a6 32. axb5 axb5 33. c4 b4
34. d5 cxd5 35. cxd5 Bc5 36. Ke4 Nf7 37. Bxb4 Rb8 38. Bxc5 Rxb2 39. e6 Ng5+ 40.
Kf5 Nxe6 41. Kxe6 Kg8 42. d6 Re2+ 43. Kd7 Kf7 44. Kc6 Ke6 45. Bd4 Rc2+ 0-1

[Event "European Youth Chess Championship B14"]
[Site "Prague, Top Hotel Prague"]
[Date "2012.08.18"]
[Round "2.38"]
[White "Chekletsov, Ilya"]
[Black "Erdogan, Anil Berk"]
[Result "1/2-1/2"]
[WhiteElo "2018"]
[BlackElo "1681"]
[Annotator ",Microsoft"]
[PlyCount "74"]
[EventDate "2012.08.17"]

1. d4 e6 2. Nf3 Nf6 3. c4 b6 4. a3 Be7 5. Nc3 Bb7 6. Qc2 d5 7. cxd5 exd5 8. Bf4
c6 9. e3 O-O 10. Bd3 Nbd7 11. O-O Rc8 12. Ne5 h6 13. Bf5 Ra8 14. Rfd1 Nxe5 15.
Bxe5 Bd6 16. e4 dxe4 17. Nxe4 Nxe4 18. Bxe4 Bxe5 19. dxe5 Qc7 20. Rd6 c5 21.
Bxb7 Qxb7 22. Rad1 Qe7 23. Qf5 Rad8 24. h3 Rfe8 25. R1d5 Rxd6 26. exd6 Qe6 27.
d7 Rd8 28. Qd3 Qe1+ 29. Kh2 Qxf2 30. Qe4 Qf6 31. Rd1 Qe6 32. Qb7 Qe5+ 33. Kh1
Qe2 34. Rg1 Qe6 35. Rd1 Qe2 36. Qd5 Qe6 37. Qb7 Qe2 $11 1/2-1/2

[Event "European Youth Chess Championship B14"]
[Site "Prague, Top Hotel Prague"]
[Date "2012.08.18"]
[Round "2.39"]
[White "Malhotra, Tarun"]
[Black "Lukic, Lazar"]
[Result "1-0"]
[WhiteElo "2005"]
[BlackElo "1692"]
[PlyCount "81"]
[EventDate "2012.08.17"]

1. e4 e5 2. Nf3 Nc6 3. Bb5 a6 4. Ba4 Nf6 5. O-O Be7 6. Re1 b5 7. Bb3 d6 8. c3
O-O 9. h3 Na5 10. Bc2 c5 11. d4 Qc7 12. d5 Nc4 13. Nbd2 Nb6 14. Nf1 Bd7 15. Ng3
h6 16. Nh2 Nh7 17. f4 exf4 18. Bxf4 Bg5 19. Qf3 Nc4 20. b3 Bxf4 21. Qxf4 Ne5
22. Nf5 Rad8 23. Re3 Bxf5 24. exf5 Kh8 25. Rf1 c4 26. b4 Nf6 27. Rd1 Qb6 28.
Kh1 Nd3 29. Qf3 Nxd5 30. Re2 Nxc3 31. Bxd3 cxd3 32. f6 Nxe2 33. Qxd3 Qd4 34.
fxg7+ Qxg7 35. Qxe2 Qe5 36. Qd2 Qe6 37. Re1 Qg6 38. Nf3 Rfe8 39. Rf1 Re7 40.
Nh4 Qg5 41. Qd4+ 1-0

[Event "European Youth Chess Championship B14"]
[Site "Prague, Top Hotel Prague"]
[Date "2012.08.18"]
[Round "2.40"]
[White "Van Foreest, Jorden"]
[Black "Ucles Lirola, Moises"]
[Result "1-0"]
[WhiteElo "2225"]
[BlackElo "1857"]
[PlyCount "131"]
[EventDate "2012.08.17"]

1. e4 Nf6 2. e5 Nd5 3. d4 d6 4. c4 Nb6 5. exd6 exd6 6. Nc3 Be7 7. h3 Nc6 8. Nf3
Bf5 9. a3 d5 10. c5 Nc8 11. Bb5 O-O 12. Bxc6 bxc6 13. O-O Bf6 14. Bf4 g6 15.
Re1 Ne7 16. Qd2 Bd7 17. Bg5 Bxg5 18. Qxg5 f6 19. Qf4 Nf5 20. Re2 Re8 21. Rxe8+
Bxe8 22. Re1 Bf7 23. b4 a6 24. Kh2 Ng7 25. Qe3 Nf5 26. Qd3 Ng7 27. Ne2 g5 28.
Ng3 Bg6 29. Qe3 Qd7 30. Qe7 Qxe7 31. Rxe7 Rc8 32. Nd2 Kf8 33. Re1 Bc2 34. Ngf1
Re8 35. Ne3 Bd3 36. Nb3 Nf5 37. Na5 Bb5 38. a4 Bxa4 39. Ra1 Nxe3 40. Rxa4 Nf1+
41. Kg1 Nd2 42. f3 Re6 43. Ra2 Nb1 44. Nb7 Nc3 45. Rxa6 Ne2+ 46. Kf1 Ke7 47. b5
Ng3+ 48. Kf2 Nh1+ 49. Kg1 Re1+ 50. Kh2 f5 51. Rxc6 f4 52. g3 Nxg3 53. h4 Rh1+
54. Kg2 Rxh4 55. Rxc7+ Kf6 56. Nd6 Ne2 57. b6 Nxd4 58. b7 g4 59. b8=Q gxf3+ 60.
Kg1 Ne2+ 61. Kf2 Rh2+ 62. Kxf3 Ng1+ 63. Kxf4 Ne2+ 64. Kf3 Ng1+ 65. Kg3 Rh3+ 66.
Kg2 1-0

[Event "European Youth Chess Championship B14"]
[Site "Prague, Top Hotel Prague"]
[Date "2012.08.18"]
[Round "2.41"]
[White "Tsoi, Leo Z"]
[Black "Stremavicius, Titas"]
[Result "0-1"]
[WhiteElo "1849"]
[BlackElo "2195"]
[PlyCount "192"]
[EventDate "2012.08.17"]

1. e4 c5 2. Nc3 g6 3. g3 Bg7 4. Bg2 e5 5. d3 Ne7 6. Be3 d6 7. Qd2 Nbc6 8. h4
Be6 9. h5 Nd4 10. Nd1 b6 11. c3 Ndc6 12. Nh3 f6 13. Bh6 Bxh6 14. Qxh6 Kf7 15.
Qe3 d5 16. Qf3 Bxh3 17. Rxh3 d4 18. Qe2 Qd6 19. f3 Rad8 20. Nf2 dxc3 21. bxc3
c4 22. hxg6+ hxg6 23. Rxh8 Rxh8 24. dxc4 Qa3 25. Qc2 Na5 26. Bf1 Rc8 27. Kd2
Qc5 28. Ke1 Qe3+ 29. Be2 Nxc4 30. Qd3 Qg5 31. g4 Ne3 32. Bf1 Qf4 33. Ke2 Nc4
34. Nh3 Qh2+ 35. Nf2 Qh6 36. a4 Rc6 37. Ra2 Qc1 38. Nd1 Ke8 39. Qc2 Qf4 40. Qd3
Kf7 41. Nf2 a6 42. Nh3 Qh2+ 43. Nf2 Qh6 44. Ke1 b5 45. axb5 axb5 46. Be2 Qc1+
47. Nd1 Rd6 48. Qc2 Qh6 49. Bxc4+ bxc4 50. Qh2 Qxh2 51. Rxh2 Rd3 52. Ke2 g5 53.
Rh7+ Kf8 54. Rh8+ Kg7 55. Ra8 Ng6 56. Ra1 Nf4+ 57. Kf2 Rd2+ 58. Ke1 Rc2 59. Ra4
Nd3+ 60. Kf1 Rd2 61. Ra1 Kf7 62. Rb1 Ke6 63. Ra1 Kd7 64. Ne3 Rf2+ 65. Kg1 Rxf3
66. Nxc4 Nf4 67. Ra6 Kc7 68. Kh2 Rxc3 69. Nd6 Kd7 70. Nf5 Rc6 71. Rxc6 Kxc6 72.
Ne7+ Kd6 73. Ng8 Ke6 74. Kg3 Ne2+ 75. Kf2 Nd4 76. Nh6 Ke7 77. Ke3 Kf8 78. Kd3
Kg7 79. Nf5+ Nxf5 80. exf5 Kf7 81. Kc4 Ke7 82. Kc5 Kd8 83. Kc4 Kc8 84. Kd5 Kd7
85. Kc5 Kc7 86. Kd5 Kb6 87. Ke6 e4 88. Kxf6 e3 89. Kg7 e2 90. f6 e1=Q 91. f7
Qe7 92. Kg8 Qe6 93. Kg7 Qd7 94. Kg6 Qe7 95. Kg7 Kc5 96. Kg8 Kd4 0-1

[Event "European Youth Chess Championship B14"]
[Site "Prague, Top Hotel Prague"]
[Date "2012.08.18"]
[Round "2.42"]
[White "Huber, Martin Christian"]
[Black "Abbasov, Zaur"]
[Result "1-0"]
[WhiteElo "2185"]
[BlackElo "1839"]
[PlyCount "67"]
[EventDate "2012.08.17"]

1. d4 d5 2. c4 c6 3. e3 Nf6 4. Nf3 e6 5. Bd3 Nbd7 6. O-O Bd6 7. Nbd2 O-O 8. e4
dxe4 9. Nxe4 Nxe4 10. Bxe4 Nf6 11. Bc2 h6 12. b3 b6 13. Bb2 Bb7 14. Qd3 Re8 15.
Rfe1 Kf8 16. Rad1 Rc8 17. Ne5 Qc7 18. Qg3 Re7 19. a3 c5 20. dxc5 Bxc5 21. b4
Bd6 22. Rxd6 Qxd6 23. Ng6+ fxg6 24. Qxd6 Kf7 25. h3 Rce8 26. Qg3 g5 27. Qd3 e5
28. Ba4 Rf8 29. Rxe5 Rxe5 30. Bxe5 Be4 31. Qe2 Bf5 32. c5 bxc5 33. bxc5 Rc8 34.
c6 1-0

[Event "European Youth Chess Championship B14"]
[Site "Prague, Top Hotel Prague"]
[Date "2012.08.18"]
[Round "2.43"]
[White "Ramacker, Quinten"]
[Black "Msellek, Ilyass"]
[Result "0-1"]
[WhiteElo "1805"]
[BlackElo "2173"]
[PlyCount "78"]
[EventDate "2012.08.17"]

1. e4 d6 2. d4 Nf6 3. Bd3 e5 4. c3 c5 5. Ne2 Nc6 6. d5 Ne7 7. O-O Ng6 8. f4
exf4 9. Nxf4 Ne5 10. Bc2 g6 11. Nd3 Nfg4 12. Nxe5 Nxe5 13. Nd2 Bg7 14. Nf3 Bg4
15. Ba4+ Bd7 16. Bf4 b5 17. Bc2 Bg4 18. Qe2 Rb8 19. Qf2 Bxf3 20. gxf3 O-O 21.
Qg3 b4 22. cxb4 Rxb4 23. Bb3 c4 24. Bd2 cxb3 25. Bxb4 Qb6+ 26. Kh1 Qxb4 27.
axb3 a5 28. Ra4 Qxb3 29. Rxa5 Qxb2 30. Raa1 Nd3 31. Rab1 Qe2 32. Qg2 Qxg2+ 33.
Kxg2 Be5 34. Rb3 Nf4+ 35. Kf2 Rc8 36. Rd1 Rc2+ 37. Kg1 Nh3+ 38. Kf1 Rxh2 39.
Rdd3 Nf4 0-1

[Event "European Youth Chess Championship B14"]
[Site "Prague, Top Hotel Prague"]
[Date "2012.08.18"]
[Round "2.44"]
[White "Sadikhov, Ulvi"]
[Black "Bulgurlu, Okan"]
[Result "1-0"]
[WhiteElo "2171"]
[BlackElo "1839"]
[PlyCount "129"]
[EventDate "2012.08.17"]

1. e4 c5 2. Nf3 d6 3. d4 cxd4 4. Nxd4 Nf6 5. Nc3 a6 6. Be3 e6 7. Be2 Be7 8. O-O
Nc6 9. a4 O-O 10. f4 Qc7 11. Kh1 Re8 12. Bf3 Rb8 13. Qd2 Bd7 14. Nb3 Na5 15.
Nxa5 Qxa5 16. Nd5 Qxd2 17. Nxe7+ Rxe7 18. Bxd2 Bc6 19. Rfe1 Rd7 20. Bb4 e5 21.
fxe5 dxe5 22. Bc3 Re7 23. Kg1 h6 24. Kf2 Rbe8 25. Ke3 Rd7 26. b3 Rc7 27. Ba5
Rcc8 28. Red1 Bd7 29. Rd2 Be6 30. Be2 Ng4+ 31. Bxg4 Bxg4 32. c4 Be6 33. Bb6 f6
34. Rb1 Kf7 35. h3 Ke7 36. Rbd1 g6 37. a5 f5 38. exf5 gxf5 39. Kf3 Rg8 40. Re1
e4+ 41. Kf4 Rg6 42. Bf2 Rcg8 43. g3 Rc8 44. Red1 Rgg8 45. Rd6 Rcd8 46. Rxd8
Rxd8 47. Bc5+ Ke8 48. Rxd8+ Kxd8 49. Ke5 Kd7 50. h4 h5 51. Be3 Bf7 52. Kxf5
Be6+ 53. Kxe4 Bg4 54. Kd5 Kc8 55. Bf4 Kd7 56. Kc5 Kc8 57. b4 Bf3 58. b5 axb5
59. cxb5 Be2 60. Kb6 Bf3 61. Ka7 Bg4 62. a6 Bf3 63. b6 bxa6 64. Kxa6 Be4 65.
Ka7 1-0

[Event "European Youth Chess Championship B14"]
[Site "Prague, Top Hotel Prague"]
[Date "2012.08.18"]
[Round "2.45"]
[White "Yaver, Faik Emre"]
[Black "Savenkov, Konstantin"]
[Result "1-0"]
[WhiteElo "1782"]
[BlackElo "2162"]
[PlyCount "51"]
[EventDate "2012.08.17"]

1. e4 e6 2. d4 d5 3. Nc3 Bb4 4. e5 Ne7 5. Bd2 Bxc3 6. Bxc3 b6 7. Nf3 a5 8. Bd3
Ba6 9. O-O h6 10. b3 O-O 11. Bb2 Bxd3 12. Qxd3 c5 13. Ba3 Na6 14. Rfd1 Qc7 15.
Qe2 Rfc8 16. Rac1 Qb7 17. c4 Nb4 18. Rd2 Rc6 19. g4 Rac8 20. Rcd1 Qa6 21. Qf1
Qb7 22. Qh3 dxc4 23. dxc5 Rxc5 24. Rd8+ Rxd8 25. Rxd8+ Kh7 26. Ng5+ 1-0

[Event "European Youth Chess Championship B14"]
[Site "Prague, Top Hotel Prague"]
[Date "2012.08.18"]
[Round "2.46"]
[White "Mamedov, Elmin"]
[Black "Radulescu, Vlad-Alexandru"]
[Result "0-1"]
[WhiteElo "2105"]
[BlackElo "1830"]
[PlyCount "90"]
[EventDate "2012.08.17"]

1. e4 c5 2. Ne2 Nc6 3. Nbc3 d6 4. g3 g6 5. Bg2 Bg7 6. O-O Nf6 7. d3 O-O 8. f4
e6 9. h3 a6 10. g4 Re8 11. Ng3 Nd4 12. Nce2 Nxe2+ 13. Qxe2 d5 14. c3 d4 15. c4
Rb8 16. Qf2 Nd7 17. a4 b5 18. axb5 axb5 19. b3 bxc4 20. bxc4 Bb7 21. Bd2 Ra8
22. Rab1 Bc6 23. e5 Bxg2 24. Qxg2 Ra2 25. Ne4 Qa8 26. Rf2 Rb8 27. Rxb8+ Qxb8
28. Be1 Ra1 29. Re2 Qb1 30. Qg3 Qd1 31. Kf1 Qb1 32. Rd2 Qb8 33. Qf2 Qa8 34. g5
Nb6 35. Nxc5 Qh1+ 36. Ke2 Qxh3 37. Qg3 Qh5+ 38. Kf2 Qh1 39. Re2 Bf8 40. Ne4 Bb4
41. Qg1 Qxg1+ 42. Kxg1 Rxe1+ 43. Rxe1 Bxe1 44. c5 Nd5 45. c6 Ba5 0-1

[Event "European Youth Chess Championship B14"]
[Site "Prague, Top Hotel Prague"]
[Date "2012.08.18"]
[Round "2.47"]
[White "Bakhmatsky, Vladislav"]
[Black "Kula, Dominik"]
[Result "1-0"]
[WhiteElo "2101"]
[BlackElo "1794"]
[PlyCount "37"]
[EventDate "2012.08.17"]

1. e4 c5 2. Nf3 Nc6 3. d4 cxd4 4. Nxd4 e5 5. Nb5 d6 6. N1c3 a6 7. Na3 Be7 8. g3
Nf6 9. Bg2 Bg4 10. Qd3 O-O 11. Be3 Rc8 12. O-O Nd7 13. Nd5 f5 14. Qb3 Kh8 15.
h3 Bh5 16. Qxb7 fxe4 17. Bxe4 Bf3 18. Bxf3 Rxf3 19. Nxe7 1-0

[Event "European Youth Chess Championship B14"]
[Site "Prague, Top Hotel Prague"]
[Date "2012.08.18"]
[Round "2.48"]
[White "Darnell, Anton"]
[Black "Christiansen, Johan-Sebastian"]
[Result "0-1"]
[WhiteElo "1763"]
[BlackElo "2073"]
[PlyCount "54"]
[EventDate "2012.08.17"]

1. d4 Nf6 2. c4 c5 3. d5 b5 4. cxb5 a6 5. bxa6 g6 6. Nc3 Bxa6 7. e4 Bxf1 8.
Kxf1 d6 9. g3 Bg7 10. Kg2 Nbd7 11. Nf3 O-O 12. Re1 Qb6 13. h3 Rfb8 14. Re2 Ne8
15. Rc2 Nc7 16. b3 Qb4 17. Qd3 Na6 18. Bd2 Qb7 19. Rcc1 Nb4 20. Qb1 e6 21. dxe6
fxe6 22. a4 d5 23. exd5 exd5 24. Bf4 Rf8 25. Ra3 Bxc3 26. Rxc3 d4 27. Rd3 g5
0-1

[Event "European Youth Chess Championship B14"]
[Site "Prague, Top Hotel Prague"]
[Date "2012.08.18"]
[Round "2.49"]
[White "Santos Ruiz, Miguel"]
[Black "Manfroi, Andrea"]
[Result "1-0"]
[WhiteElo "2069"]
[BlackElo "1786"]
[PlyCount "81"]
[EventDate "2012.08.17"]

1. e4 c5 2. Nf3 g6 3. Bc4 Nc6 4. c3 Bg7 5. d4 cxd4 6. cxd4 d6 7. Nc3 Bd7 8. O-O
Nf6 9. e5 dxe5 10. dxe5 Ng4 11. Bxf7+ Kxf7 12. e6+ Ke8 13. exd7+ Qxd7 14. Qb3
Rf8 15. Ne4 Qc7 16. Ng3 Rd8 17. Qc4 Nge5 18. Nxe5 Bxe5 19. Bh6 Rd4 20. Qe2 Rf7
21. Rad1 Qd6 22. Be3 Rxd1 23. Rxd1 Qb4 24. Qd3 Qd6 25. Qc2 Qb4 26. Ne4 Qxb2 27.
Qd3 Rf5 28. g4 Rf6 29. Nxf6+ Bxf6 30. Qd5 Kf8 31. Bh6+ Bg7 32. Qf3+ Qf6 33.
Qxf6+ exf6 34. Bxg7+ Kxg7 35. Rd7+ Kh6 36. Rxb7 a5 37. Rc7 Nb4 38. a3 Nd5 39.
Rc5 Nb6 40. Rxa5 Nc4 41. Ra7 1-0

[Event "European Youth Chess Championship B14"]
[Site "Prague, Top Hotel Prague"]
[Date "2012.08.18"]
[Round "2.50"]
[White "Simo, Marian"]
[Black "Musiienko, Danylo"]
[Result "1/2-1/2"]
[WhiteElo "1760"]
[BlackElo "2004"]
[PlyCount "74"]
[EventDate "2012.08.17"]

1. e4 c5 2. Nf3 Nc6 3. d4 cxd4 4. Nxd4 g6 5. Nc3 Bg7 6. Be3 Nf6 7. Be2 d5 8.
Bb5 Bd7 9. exd5 Nb4 10. Bxd7+ Qxd7 11. O-O Nbxd5 12. Nxd5 Nxd5 13. c3 Nxe3 14.
fxe3 e5 15. Nb3 Qxd1 16. Raxd1 Ke7 17. Nc5 Rad8 18. Rxd8 Rxd8 19. Nxb7 Rb8 20.
Na5 Rxb2 21. Nc6+ Ke8 22. Nxa7 Bh6 23. Re1 Rxa2 24. Nb5 Rb2 25. Nc7+ Ke7 26.
Nd5+ Ke6 27. e4 Rc2 28. Kf1 f5 29. Nc7+ Kd6 30. Ne8+ Ke7 31. exf5 Rc1 32. Rxc1
Bxc1 33. fxg6 hxg6 34. Nc7 Kd6 35. Ne8+ Ke7 36. Nc7 Kd6 37. Ne8+ Ke7 1/2-1/2

[Event "European Youth Chess Championship B14"]
[Site "Prague, Top Hotel Prague"]
[Date "2012.08.18"]
[Round "2.51"]
[White "Kavon, Rastislav"]
[Black "Martins, Guilherme Pires Tava"]
[Result "1/2-1/2"]
[WhiteElo "1959"]
[BlackElo "1761"]
[Annotator ",Microsoft"]
[PlyCount "94"]
[EventDate "2012.08.17"]

1. e4 c5 2. c3 Nf6 3. e5 Nd5 4. d4 cxd4 5. Nf3 e6 6. cxd4 d6 7. Bc4 Nb6 8. Bb3
Nc6 9. exd6 Bxd6 10. O-O O-O 11. a3 e5 12. dxe5 Nxe5 13. Nd4 Bg4 14. Ne2 Qc7
15. f3 Rfd8 16. Qc2 Bc5+ 17. Kh1 Bh5 18. Bf4 Qe7 19. Nbc3 Bg6 20. Ne4 Nd3 21.
Bg5 Qxg5 22. Nxg5 Nf2+ 23. Rxf2 Bxc2 24. Bxf7+ Kh8 25. Rff1 Be3 26. Ne4 Bxe4
27. fxe4 Rd2 28. Nc3 Rxb2 29. Nd5 Nxd5 30. Bxd5 Bd4 31. Rad1 Bf6 32. Rb1 h6 33.
g3 Rc8 34. Bxb7 Rb8 35. Rxb2 Bxb2 36. Bc6 Bxa3 37. e5 Rf8 38. Rd1 Rf7 39. e6
Re7 40. Bd7 Kh7 41. Kg2 a5 42. Ra1 Bb4 43. Kf3 g5 44. Ke4 Kg7 45. Kd5 Bc3 46.
Rc1 Bb4 47. Rb1 Kf6 $11 1/2-1/2

[Event "European Youth Chess Championship B14"]
[Site "Prague, Top Hotel Prague"]
[Date "2012.08.18"]
[Round "2.52"]
[White "O`Donnell, Conor"]
[Black "Schweighoffer, Martin"]
[Result "0-1"]
[WhiteElo "1955"]
[BlackElo "1756"]
[PlyCount "70"]
[EventDate "2012.08.17"]

1. e4 e5 2. Nf3 Nc6 3. Bb5 a6 4. Ba4 Nf6 5. O-O b5 6. Bb3 Bc5 7. a4 Rb8 8. c3
d6 9. d4 Bb6 10. a5 Ba7 11. Be3 exd4 12. cxd4 Bg4 13. Qc2 Ne7 14. Nbd2 O-O 15.
h3 Bxf3 16. Nxf3 Nd7 17. Bf4 Ng6 18. Bg5 Qc8 19. h4 h6 20. h5 Nge5 21. dxe5
hxg5 22. e6 Nc5 23. Nxg5 Nxe6 24. Bxe6 fxe6 25. e5 Rf5 26. Qd2 Qd8 27. Nf3 Rxh5
28. exd6 Qxd6 29. Rad1 Qg3 30. Qd7 Rh6 31. Rd4 Bxd4 32. Qxd4 Qg6 33. Rc1 Rf8
34. Qe3 Kh8 35. Rxc7 Rxf3 0-1

[Event "European Youth Chess Championship B14"]
[Site "Prague, Top Hotel Prague"]
[Date "2012.08.18"]
[Round "2.53"]
[White "Suleymanli, Ramazan"]
[Black "Shahaliyev, Ismayil"]
[Result "1/2-1/2"]
[WhiteElo "1750"]
[BlackElo "1954"]
[PlyCount "64"]
[EventDate "2012.08.17"]

1. e4 c5 2. Nf3 d6 3. d4 cxd4 4. Nxd4 Nf6 5. Nc3 a6 6. Bg5 e6 7. f4 Be7 8. Qf3
Qc7 9. O-O-O Nbd7 10. g4 b5 11. Bxf6 Nxf6 12. g5 Nd7 13. f5 Nc5 14. fxe6 Bxe6
15. h4 Rc8 16. Bh3 Qa5 17. Kb1 O-O 18. Nd5 Qd8 19. Nf5 Bxd5 20. exd5 Nd7 21.
Rhe1 Re8 22. Nd4 Bf8 23. Ne6 fxe6 24. dxe6 Nb6 25. e7 Rxe7 26. Bxc8 Nxc8 27.
Rf1 Qe8 28. Qd5+ Kh8 29. Qf5 Kg8 30. Qd5+ Kh8 31. Qf5 Kg8 32. Qd5+ Kh8 1/2-1/2

[Event "European Youth Chess Championship B14"]
[Site "Prague, Top Hotel Prague"]
[Date "2012.08.18"]
[Round "2.54"]
[White "Portela Peleteiro, Alberto"]
[Black "Thorgeirsson, Jon Kristinn"]
[Result "1-0"]
[WhiteElo "1953"]
[BlackElo "1747"]
[PlyCount "191"]
[EventDate "2012.08.17"]

1. e4 e5 2. Nf3 Nc6 3. Bb5 Nf6 4. d4 Nxd4 5. Nxd4 exd4 6. e5 Nd5 7. Qxd4 c6 8.
Bd3 Qb6 9. Qe4 Qb4+ 10. Nd2 Qxe4+ 11. Nxe4 Be7 12. O-O O-O 13. f4 f5 14. Nd6
Bxd6 15. exd6 Rf6 16. Re1 Re6 17. Bd2 g6 18. c4 Nf6 19. c5 b6 20. Bc4 Nd5 21.
b4 Bb7 22. Rxe6 dxe6 23. Re1 Kf7 24. a3 b5 25. Bb3 Re8 26. Re5 Nf6 27. Bc3 Bc8
28. Re2 Ne4 29. Be5 Bd7 30. g3 Ra8 31. Bc2 Nf6 32. Bc3 Nd5 33. Bd2 Nf6 34. Kg2
Re8 35. Kf3 Nd5 36. h3 h5 37. g4 hxg4+ 38. hxg4 Rh8 39. Kg3 Nf6 40. Bc3 Rh1 41.
gxf5 gxf5 42. Kg2 Rh4 43. Be5 Nh5 44. Rf2 a6 45. Bd1 Kg6 46. Kg1 Nf6 47. Rg2+
Ng4 48. Rg3 Kf7 49. Bc3 Kg6 50. Be1 Kf6 51. Rg2 Rh3 52. Bxg4 fxg4 53. Rxg4 Kf7
54. Bf2 e5 55. Rg5 exf4 56. Re5 Be6 57. Bd4 Rxa3 58. Kf2 Rd3 59. Re4 f3 60.
Rf4+ Ke8 61. Bf6 Kd7 62. Rh4 Bf5 63. Rh8 Ke6 64. Bg5 Bg6 65. Rc8 Rd5 66. Be3
Be4 67. Rc7 Kf6 68. Bf4 Kf5 69. Bg3 Kg4 70. Rg7+ Kf5 71. d7 Kf6 72. Bd6 Rd2+
73. Ke3 Re2+ 74. Kd4 Kxg7 75. d8=Q f2 76. Qf8+ Kg6 77. Bg3 Bf5 78. Qg8+ Kh5 79.
Bxf2 Rxf2 80. Qe8+ Kg4 81. Qxc6 Rf4+ 82. Ke5 Rf2 83. Qxa6 Re2+ 84. Kf6 Bd3 85.
c6 Rc2 86. Qb7 Be4 87. Qd7+ Kf3 88. c7 Ke3 89. c8=Q Rxc8 90. Qxc8 Bd3 91. Ke5
Bc4 92. Qc5+ Kd3 93. Qd4+ Kc2 94. Kd6 Kb3 95. Kc5 Ka4 96. Qxc4 1-0

[Event "European Youth Chess Championship B14"]
[Site "Prague, Top Hotel Prague"]
[Date "2012.08.18"]
[Round "2.55"]
[White "Spiridonov, Mikhail"]
[Black "Monteriano, Eran"]
[Result "0-1"]
[WhiteElo "1720"]
[BlackElo "1947"]
[PlyCount "78"]
[EventDate "2012.08.17"]

1. d4 Nf6 2. c4 g6 3. Nc3 d6 4. e4 Bg7 5. Nf3 O-O 6. h3 c6 7. Be2 Nbd7 8. Be3
Qc7 9. Nd2 a6 10. b4 e5 11. d5 cxd5 12. exd5 Ne8 13. g4 f5 14. gxf5 gxf5 15. f4
exf4 16. Bxf4 Bxc3 17. Rg1+ Kh8 18. Rc1 Qb6 19. Rg3 Bf6 20. Bg5 Bxg5 21. Rxg5
Qe3 22. Nf3 Ne5 23. Kf1 Nxf3 24. Rg3 Nh2+ 25. Kg2 Qe4+ 26. Kxh2 f4 27. Rg1 f3
28. Qd2 Qxe2+ 29. Qxe2 fxe2 30. Rce1 Bf5 31. Rxe2 Bd3 32. Re7 Bxc4 33. Rxb7
Bxd5 34. Re7 Bxa2 35. Ra1 Bc4 36. Re4 d5 37. Re7 Nd6 38. Rg1 Rg8 39. Rge1 Raf8
0-1

[Event "European Youth Chess Championship B14"]
[Site "Prague, Top Hotel Prague"]
[Date "2012.08.18"]
[Round "2.56"]
[White "Spacek, Oliver"]
[Black "Cesenek, Jan"]
[Result "1/2-1/2"]
[WhiteElo "1945"]
[BlackElo "1736"]
[PlyCount "86"]
[EventDate "2012.08.17"]

1. d4 Nf6 2. c4 e6 3. g3 d5 4. Bg2 c6 5. Nf3 Bd6 6. Nbd2 Nbd7 7. O-O O-O 8. b3
Qc7 9. Bb2 Re8 10. Rc1 Nf8 11. c5 Be7 12. Ne5 Ng6 13. f4 a5 14. e3 Bf8 15. Kh1
Nd7 16. Qc2 f5 17. Nxg6 hxg6 18. g4 Nf6 19. g5 Ne4 20. Nf3 a4 21. Ne5 axb3 22.
axb3 Ra2 23. Nxg6 Qf7 24. Ne5 Qh5 25. Bxe4 fxe4 26. Ra1 Rxa1 27. Bxa1 g6 28.
Rg1 Bg7 29. Rg3 Bxe5 30. dxe5 Re7 31. Bc3 Rh7 32. h3 Qh4 33. Kh2 Qh5 34. Ba5
Bd7 35. Bd8 Be8 36. Kg2 Rd7 37. Ba5 Rh7 38. Kf2 Qh4 39. Bc3 Bd7 40. Qa2 Be8 41.
Qa8 Kf8 42. Qd8 Re7 43. Kg2 Qh5 1/2-1/2

[Event "European Youth Chess Championship B14"]
[Site "Prague, Top Hotel Prague"]
[Date "2012.08.18"]
[Round "2.58"]
[White "Gerlagh, Joris"]
[Black "Lopez Popov, Ivan"]
[Result "1/2-1/2"]
[WhiteElo "1930"]
[BlackElo "1719"]
[PlyCount "120"]
[EventDate "2012.08.17"]

1. e4 c5 2. Nc3 Nc6 3. g3 d6 4. Bg2 g6 5. d3 Bg7 6. f4 e6 7. Nf3 Nge7 8. O-O
O-O 9. Qe1 Nd4 10. Qf2 Nec6 11. Nd1 Qc7 12. c3 Nxf3+ 13. Qxf3 Bd7 14. g4 Ne7
15. Ne3 f5 16. h4 e5 17. exf5 Bc6 18. Qh3 Bxg2 19. Qxg2 gxf5 20. Nd5 Nxd5 21.
Qxd5+ Kh8 22. g5 Qc6 23. Qxc6 bxc6 24. Kh2 Rae8 25. Kg3 e4 26. dxe4 Rxe4 27.
Bd2 c4 28. Rae1 Rfe8 29. Rxe4 Rxe4 30. Re1 Rxe1 31. Bxe1 a5 32. h5 a4 33. Kf3
Kg8 34. Ke3 c5 35. Kd2 Kf7 36. Kc2 Ke6 37. b3 axb3+ 38. axb3 cxb3+ 39. Kxb3 Kd5
40. c4+ Ke4 41. Bc3 Bf8 42. h6 Bxh6 43. gxh6 Kxf4 44. Bg7 Ke4 45. Bf8 d5 46.
Bxc5 dxc4+ 47. Kxc4 f4 48. Kc3 Kf5 49. Kd3 Kg5 50. Bf8 Kf5 51. Ke2 Kg6 52. Kf3
Kf5 53. Bd6 Kg6 54. Bxf4 Kf7 55. Kg4 Kg6 56. Bd2 Kf7 57. Kf5 Kg8 58. Be3 Kf7
59. Bd4 Kg8 60. Kf6 Kf8 1/2-1/2